Pod maskou nevinnosti /

Hlavní autor: Adams, Nicholas
Další autoři: Vlčková, Dana, 1958-
Jazyk: Čeština
Vydáno: Praha : Kredit, 1993
Vydání: 1. vyd.
Edice: Buldok. Stopy hrůzy (Kredit)
Fyzický popis: 136 s.
Knihy
Uloženo v:
LEADER 00928nam a2200301 a 4500
001 000008615
003 CZ BrMZK
005 20220201125133.0
007 ta
008 930730s1993 xr f cze d
015 |a cnb000077700 
020 |a 80-7171-000-8  |c 28.00 
040 |a BOA001  |b cze 
041 1 |a cze  |h eng 
080 |a 82-312.5=850  |2 MRF 
100 1 |a Adams, Nicholas  |7 jo2002104691 
245 1 0 |a Pod maskou nevinnosti /  |c Nicholas Adams ; z angl. orig. přel. Dana Vlčková 
250 |a 1. vyd. 
260 |a Praha :  |b Kredit,  |c 1993 
300 |a 136 s. 
490 1 |a Buldok. Stopy hrůzy ;  |v 25 
700 1 |a Vlčková, Dana,  |d 1958-  |7 jn20001227697 
765 0 |t New kid on the block  |9 Česky 
830 0 |a Buldok.  |p Stopy hrůzy (Kredit)  |0 s 
910 |a BOA001  |b 1-0991.770 
962 |a 82-31 
990 |a BK 
996 6 |b 2610001953  |c 1-0991.770  |l MZK  |r Sklad / do 1 hodiny  |n 6  |p p.v.  |w 000008615  |u 000010  |a 1  |e BOA001  |j MZK50  |s P